[Event "Boksburg Inter Region-ch"]
[Site "Boksburg"]
[Date "2016.12.23"]
[Round "7.1"]
[White "Mafanya, Kulasande"]
[Black "Nkosi, Dumisa Jacob"]
[Result "0-1"]
[WhiteElo "1974"]
[BlackElo "1755"]
[PlyCount "98"]
[EventDate "2016.12.20"]
[EventType "team-swiss"]
[EventRounds "7"]
[EventCountry "RSA"]
[SourceTitle "CBM 176 Extra"]
[Source "ChessBase"]
[SourceDate "2017.03.02"]
[SourceVersion "1"]
[SourceVersionDate "2017.03.02"]
[SourceQuality "1"]
[WhiteTeam "Johannesburg Metro II"]
[BlackTeam "Johannesburg Metro III"]
[WhiteTeamCountry "RSA"]
[BlackTeamCountry "RSA"]

1. e4 d5 2. exd5 Nf6 3. Nf3 Nxd5 4. d4 Bf5 5. c4 Nb4 6. Qa4+ N8c6 7. Na3 e6 8. Be2 Nd3+ 9. Bxd3 Bxd3 10. Be3 Bb4+ 11. Nd2 0-0 12. 0-0-0 a5 13. Nb5 Bg6 14. Nf3 Qf6 15. a3 Bd6 16. Nc3 Ne7 17. Rhe1 c6 18. Rd2 Rfc8 19. c5 Bf4 20. Bxf4 Qxf4 21. d5 Qxa4 22. Nxa4 cxd5 23. Kd1 Rc6 24. Ne5 Rc7 25. Nb6 Rd8 26. b4 Nc6 27. Nxc6 Rxc6 28. Kc1 f6 29. Kb2 Bf7 30. f4 h5 31. Kc3 Kh7 32. f5 e5 33. Kd3 Kh6 34. Re3 g6 35. fxg6 Bxg6+ 36. Ke2 d4 37. Nc4 axb4 38. axb4 Ra6 39. Rf3 f5 40. Nd6 e4 41. Rxf5 d3+ 42. Ke3 Raxd6 43. Re5 Rd4 44. b5 Rc4 45. b6 Rc2 46. Re7 Rxd2 47. Kxd2 Re8 48. Rd7 e3+ 49. Ke1 h4 0-1

[Event "Witwatersrand USSA Cup"]
[Site "Witwatersrand"]
[Date "2015.04.25"]
[Round "5"]
[White "Lekgau, Mothupi"]
[Black "Mafanya, Kulasande"]
[Result "1-0"]
[WhiteElo "1883"]
[BlackElo "1895"]
[PlyCount "97"]
[EventDate "2015.04.23"]
[EventType "tourn"]
[EventRounds "9"]
[EventCountry "RSA"]
[SourceTitle "EXT 2016"]
[Source "ChessBase"]
[SourceDate "2015.10.08"]
[SourceVersion "1"]
[SourceVersionDate "2015.10.08"]
[SourceQuality "1"]

1. e4 c5 2. Nf3 e6 3. d4 cxd4 4. Qxd4 Nf6 5. Nc3 Nc6 6. Qd3 Bb4 7. Be2 0-0 8. 0-0 a6 9. e5 Ne8 10. Ng5 f5 11. exf6 Nxf6 12. Nce4 Nxe4 13. Qxe4 Rf5 14. Bd3 Rxg5 15. Qxh7+ Kf7 16. h4 Rf5 17. g4 Rf6 18. g5 Qg8 19. Qxg8+ Kxg8 20. gxf6 gxf6 21. Kh2 f5 22. Rg1+ Kh7 23. Be3 Ne5 24. Be2 Nf7 25. Rg2 Bd6+ 26. Kh1 b6 27. Bf3 Rb8 28. Rag1 Be5 29. c3 Bb7 30. Bxb7 Rxb7 31. Bd4 d6 32. Rg6 Bxd4 33. cxd4 Nd8 34. d5 Re7 35. h5 exd5 36. Rxd6 Nf7 37. Rxd5 Nh6 38. Rgd1 Re4 39. Rd7+ Kg8 40. Rb7 Nf7 41. Rdd7 Rh4+ 42. Kg2 Rg4+ 43. Kf1 Rg7 44. Rxb6 Rh7 45. Rb8+ Kg7 46. Rxf7+ Kxf7 47. Rb7+ Kg8 48. Rxh7 Kxh7 49. b4 1-0

[Event "Witwatersrand USSA Cup"]
[Site "Witwatersrand"]
[Date "2015.04.25"]
[Round "6"]
[White "Mafanya, Kulasande"]
[Black "Mnguni, Jacob Dumisani"]
[Result "0-1"]
[WhiteElo "1895"]
[BlackElo "1941"]
[PlyCount "96"]
[EventDate "2015.04.23"]
[EventType "tourn"]
[EventRounds "9"]
[EventCountry "RSA"]
[SourceTitle "EXT 2016"]
[Source "ChessBase"]
[SourceDate "2015.10.08"]
[SourceVersion "1"]
[SourceVersionDate "2015.10.08"]
[SourceQuality "1"]

1. Nf3 d5 2. g3 Nf6 3. Bg2 c6 4. 0-0 Bf5 5. b3 e6 6. Bb2 Be7 7. d3 Nbd7 8. Nbd2 a5 9. a4 h6 10. Re1 Nc5 11. Ne5 0-0 12. e4 Bh7 13. h3 Qc7 14. Qe2 Rfd8 15. exd5 cxd5 16. Ndf3 Nfd7 17. Nd4 Qxe5 18. Qxe5 Nxe5 19. Rxe5 Bf6 20. Re2 Na6 21. Rb1 Rac8 22. Nb5 Bxb2 23. Rxb2 Nb4 24. f4 Rc5 25. Rd2 Rdc8 26. Nd4 g5 27. Bf3 Kg7 28. Kf2 gxf4 29. gxf4 Kf6 30. Bg4 R8c7 31. Ke3 Rc8 32. Bd1 Bf5 33. Nb5 Rg8 34. c3 d4+ 35. cxd4 Nd5+ 36. Kf2 Rc1 37. Bf3 Nxf4 38. Be4 Nxh3+ 39. Kf3 Rf1+ 40. Ke2 Rgg1 41. d5 e5 42. Ke3 Rg3+ 43. Ke2 Rfg1 44. Bxf5 Nf4+ 45. Kf2 Kxf5 46. Nd6+ Kg4 47. Ne4 R3g2+ 48. Ke3 Nxd5# 0-1

[Event "Witwatersrand USSA Cup"]
[Site "Witwatersrand"]
[Date "2015.04.24"]
[Round "4"]
[White "Mafanya, Kulasande"]
[Black "Pon, Matt"]
[Result "1/2-1/2"]
[WhiteElo "1895"]
[BlackElo "2138"]
[PlyCount "79"]
[EventDate "2015.04.23"]
[EventType "tourn"]
[EventRounds "9"]
[EventCountry "RSA"]
[SourceTitle "EXT 2016"]
[Source "ChessBase"]
[SourceDate "2015.10.08"]
[SourceVersion "1"]
[SourceVersionDate "2015.10.08"]
[SourceQuality "1"]

1. d4 Nf6 2. c4 e6 3. g3 Bb4+ 4. Bd2 Qe7 5. Bg2 Nc6 6. a3 Bxd2+ 7. Qxd2 e5 8. d5 Nd4 9. Qd1 d6 10. e3 Nf5 11. Nf3 g6 12. Nc3 Ng7 13. 0-0 0-0 14. b4 Nfh5 15. Rc1 f5 16. Re1 g5 17. c5 Bd7 18. cxd6 cxd6 19. Nd2 Nf6 20. Nf3 Nfe8 21. Ne2 Qf6 22. Nd2 Qh6 23. f4 gxf4 24. exf4 Nf6 25. Nf3 Ne4 26. Nd2 Nf6 27. Nf1 Nge8 28. fxe5 dxe5 29. Nc3 Nd6 30. Rxe5 Rae8 31. Rxe8 Rxe8 32. Qd2 Qg7 33. Re1 Rc8 34. Qd4 Rc4 35. Qd2 Ng4 36. Rc1 Rd4 37. Qe2 Rc4 38. Qd2 Rd4 39. Qe2 Rc4 40. Qd2 1/2-1/2

[Event "World University-ch 13th"]
[Site "Katowice"]
[Date "2014.08.20"]
[Round "5"]
[White "Mafanya, Kulasande"]
[Black "Wyss, Jonas"]
[Result "0-1"]
[WhiteElo "1847"]
[BlackElo "2276"]
[PlyCount "44"]
[EventDate "2014.08.18"]
[EventType "swiss"]
[EventRounds "9"]
[EventCountry "POL"]
[SourceTitle "CBM 161 Extra"]
[Source "ChessBase"]
[SourceDate "2014.08.29"]
[SourceVersion "1"]
[SourceVersionDate "2014.08.29"]
[SourceQuality "1"]

1. Nf3 Nf6 2. c4 g6 3. b3 Bg7 4. Bb2 0-0 5. e3 d6 6. Be2 e5 7. d3 Nc6 8. Nbd2 Ne8 9. 0-0 e4 10. Nd4 exd3 11. Bxd3 Nb4 12. Be2 c5 13. Bc3 cxd4 14. Bxb4 dxe3 15. Ne4 Bxa1 16. Qxa1 f5 17. Nxd6 exf2+ 18. Kh1 Nxd6 19. Rd1 Qf6 20. Qxf6 Rxf6 21. Bxd6 Re6 22. Rd2 Rxe2 0-1

[Event "World University-ch 13th"]
[Site "Katowice"]
[Date "2014.08.19"]
[Round "3"]
[White "Mafanya, Kulasande"]
[Black "Hardwarsing, Vishay"]
[Result "1-0"]
[WhiteElo "1847"]
[BlackElo "1596"]
[PlyCount "89"]
[EventDate "2014.08.18"]
[EventType "swiss"]
[EventRounds "9"]
[EventCountry "POL"]
[SourceTitle "CBM 161 Extra"]
[Source "ChessBase"]
[SourceDate "2014.08.29"]
[SourceVersion "1"]
[SourceVersionDate "2014.08.29"]
[SourceQuality "1"]

1. d4 Nf6 2. c4 g6 3. Nc3 Bg7 4. e4 d6 5. Be2 0-0 6. Nf3 Nbd7 7. 0-0 c5 8. d5 Re8 9. Bg5 Ng4 10. Nd2 Nde5 11. h3 Nf6 12. Be3 a6 13. a4 Rb8 14. Ra3 e6 15. Rb3 exd5 16. cxd5 Qc7 17. f4 Ned7 18. Qc2 Nb6 19. a5 Nbxd5 20. Nxd5 Nxd5 21. exd5 Qxa5 22. Nc4 Qc7 23. Kh1 Bd7 24. Ra1 Bf5 25. Qd2 b5 26. Na5 c4 27. Qc1 Rbc8 28. Bxc4 bxc4 29. Rb7 Qd8 30. Nc6 Qf6 31. Bd4 Qh4 32. Bxg7 Bxh3 33. Ne5 dxe5 34. Bxe5 Bd7+ 35. Kg1 Bb5 36. Qc3 Qh6 37. Rf1 Qf8 38. d6 Red8 39. f5 g5 40. Re7 Rd7 41. f6 h5 42. Rf5 Qh6 43. Qe3 Qh7 44. Rxg5+ Kh8 45. Rg7 1-0

[Event "World University-ch 13th"]
[Site "Katowice"]
[Date "2014.08.18"]
[Round "1"]
[White "Mafanya, Kulasande"]
[Black "Nenezic, Marko"]
[Result "0-1"]
[WhiteElo "1847"]
[BlackElo "2430"]
[PlyCount "108"]
[EventDate "2014.08.18"]
[EventType "swiss"]
[EventRounds "9"]
[EventCountry "POL"]
[SourceTitle "CBM 161 Extra"]
[Source "ChessBase"]
[SourceDate "2014.08.29"]
[SourceVersion "1"]
[SourceVersionDate "2014.08.29"]
[SourceQuality "1"]

1. d4 Nf6 2. c4 g6 3. Nc3 Bg7 4. e4 d6 5. h3 0-0 6. Bg5 Na6 7. Bd3 e5 8. d5 Nc5 9. Bc2 a5 10. Nge2 Bd7 11. g4 c6 12. a4 Qb8 13. Ng3 cxd5 14. exd5 Kh8 15. Kf1 Qc7 16. Rc1 Rae8 17. Kg2 e4 18. Re1 Ng8 19. Bxe4 Nxe4 20. Ngxe4 f5 21. gxf5 Bxf5 22. b3 h6 23. Bh4 Qd7 24. Qd3 g5 25. Bg3 Bxh3+ 26. Kg1 Bg4 27. Re3 Bf5 28. Qe2 Be5 29. Re1 Bd4 30. Qh5 Bxe3 31. Rxe3 Bg4 32. Qh2 Qg7 33. Bxd6 Rf3 34. Bc5 Rxe3 35. Bxe3 Bf3 36. Nd2 Bg4 37. Nb5 Kh7 38. Qg3 Bh5 39. Nd6 Rf8 40. N6e4 Bg6 41. Nc5 Bf5 42. Kg2 Ne7 43. Qd6 Ng6 44. Ne6 Bxe6 45. dxe6 Qe7 46. c5 Re8 47. Ne4 Nh4+ 48. Kf1 Nf5 49. Qd7 Kg6 50. Nd6 Nxd6 51. cxd6 Qxd7 52. exd7 Rd8 53. Bc5 Rxd7 54. Kg2 Kf5 0-1